000 00321nam a22001457a 4500
008 210308b ||||| |||| 00| 0 eng d
020 _a0395317347
041 _aeng
080 _26th
_a038
082 _a038
100 _a23
101 _aFJA
245 _aPractical English Handbook
_cWatkins, F. C
942 _2udc
_cBK
999 _c55920
_d55920